Pokémon - Les attaques de Hachécateur - Statistiques

Statistiques générales
  • Ce quiz a été pris 12 fois
  • Le résultat moyen est 11 sur 14
Statistiques - réponses
Niveaux Types Noms des attaques % Correct
Évolution Roche Hache de Pierre
100%
Niveau 4 Insecte Taillade
100%
Niveau 12 Roche Anti-Air
89%
Niveau 36 Roche Éboulement
89%
Niveau 32 Psy Hâte
89%
Niveau 24 Normal Tranche
89%
Départ Normal Groz'Yeux
78%
Niveau 40 Insecte Plaie Croix
78%
Départ Normal Vive-Attaque
78%
Niveau 44 Normal Danse Lames
67%
Niveau 8 Normal Faux-Chage
67%
Niveau 28 Normal Puissance
56%
Niveau 16 Normal Reflet
56%
Niveau 20 Normal Coup Double
22%
Aucun quiz correspondant
Distribution des résultats
% des personnes avec chaque résultat
Percentile par nombre de réponses
Votre historique - résultats
Vous n’avez pas pris ce quiz